Global Financial Shocks and Foreign Asset Repatriation : Do Local Investors Play a Stabilizing Role? /

We study the dynamic response of gross capital flows in emerging market economies to different global financial shocks, using a panel vector-autoregressive (PVAR) setting. Our focus lies primarily on the potentially stabilizing role played by domestic investors in offsetting the response of foreign...

Full description

Bibliographic Details
Main Author: Adler, Gustavo
Other Authors: Djigbenou, Marie-Louise, Sosa, Sebastian
Format: Journal
Language:English
Published: Washington, D.C. : International Monetary Fund, 2014.
Series:IMF Working Papers; Working Paper ; No. 2014/060
Online Access:Full text available on IMF
LEADER 02251cas a2200265 a 4500
001 AALejournalIMF014341
008 230101c9999 xx r poo 0 0eng d
020 |c 5.00 USD 
020 |z 9781484353349 
022 |a 1018-5941 
040 |a BD-DhAAL  |c BD-DhAAL 
100 1 |a Adler, Gustavo. 
245 1 0 |a Global Financial Shocks and Foreign Asset Repatriation :   |b Do Local Investors Play a Stabilizing Role? /  |c Gustavo Adler, Marie-Louise Djigbenou, Sebastian Sosa. 
264 1 |a Washington, D.C. :  |b International Monetary Fund,  |c 2014. 
300 |a 1 online resource (31 pages) 
490 1 |a IMF Working Papers 
500 |a <strong>Off-Campus Access:</strong> No User ID or Password Required 
500 |a <strong>On-Campus Access:</strong> No User ID or Password Required 
506 |a Electronic access restricted to authorized BRAC University faculty, staff and students 
520 3 |a We study the dynamic response of gross capital flows in emerging market economies to different global financial shocks, using a panel vector-autoregressive (PVAR) setting. Our focus lies primarily on the potentially stabilizing role played by domestic investors in offsetting the response of foreign investors to global shocks. We find evidence of such role, but its existence and magnitude depend on the nature of the shock. Local investors play a meaningful stabilizing role in the face of global uncertainty shocks, as well as shocks to long-term U.S. interest rates. However, while in the former case, sizeable asset repatriation largely offsets the retrenchment of non-residents, in the latter case the extent of the offsetting is much more limited. Meanwhile, residents and non-resident behave alike in response to short-term U.S. interest rate shocks, pulling capital away from emerging markets, although magnitudes are not economically significant. The results shed light on the potential impact of the Fed's QE tapering on emerging market economies. 
538 |a Mode of access: Internet 
700 1 |a Djigbenou, Marie-Louise. 
700 1 |a Sosa, Sebastian. 
830 0 |a IMF Working Papers; Working Paper ;  |v No. 2014/060 
856 4 0 |z Full text available on IMF  |u http://elibrary.imf.org/view/journals/001/2014/060/001.2014.issue-060-en.xml  |z IMF e-Library